000 00487nam a22001697a 4500
003 0
005 20240920142126.0
008 240920b xxu||||| |||| 00| 0 eng d
020 _a978-621-04-0387-9
050 _aLC 3715
_b.C68 2020
245 _aCourse module for content and pedagogy for the mother togue
260 _aQuezon City
_bRex bookstore
_cC2020
300 _ax, 146p.
_c26cm.
500 _aMultilingual education.
650 _aIncludes refences & index.
942 _2lcc
_cBK
999 _c366292
_d366292